00467nam a2200157 a 45000010005000000030009000050080041000140400028000550820015000831000025000982450116001232600037002393000010002764900011002866500012002972569CO-ViMGA141112s2004 ck r 000 u spa d aCO-ViMGAbspacCO-ViMGA04a794.1 L6431 aLoheac Ammoun, Frank10aCompruebe su nivel de ajedrez : brefuerce su ataque y su defensa, desarrolle su razonamiento, calcule su nivel aBarcelona : bPaidotribo, c1984 a312 p aCaisso14aAJEDREZ